<?xml version="1.0" encoding="UTF-8"?>
<record
    xmlns:xsi="http://www.w3.org/2001/XMLSchema-instance"
    xsi:schemaLocation="http://www.loc.gov/MARC21/slim http://www.loc.gov/standards/marcxml/schema/MARC21slim.xsd"
    xmlns="http://www.loc.gov/MARC21/slim">

  <leader>00643nam a2200145Ia 4500</leader>
  <controlfield tag="008">100122s9999    xx            000 0 und d</controlfield>
  <datafield tag="082" ind1=" " ind2=" ">
    <subfield code="b">52913</subfield>
    <subfield code="a">822</subfield>
  </datafield>
  <datafield tag="100" ind1=" " ind2=" ">
    <subfield code="a">&#x936;&#x947;&#x935;&#x93E;&#x933;&#x915;&#x930; &#x930;&#x93E;&#x92E;</subfield>
  </datafield>
  <datafield tag="245" ind1=" " ind2=" ">
    <subfield code="a">&#x92A;&#x94D;&#x930;&#x924;&#x93F;&#x91C;&#x94D;&#x91E;&#x93E; &#x92F;&#x94C;&#x917;&#x902;&#x927;&#x930;&#x93E;&#x92F;&#x923; &#x938;&#x94D;&#x935;&#x92A;&#x94D;&#x928;&#x935;&#x93E;&#x938;&#x935;&#x926;&#x924;&#x94D;&#x924;&#x93E;</subfield>
  </datafield>
  <datafield tag="260" ind1=" " ind2=" ">
    <subfield code="b">&#x92A;&#x94D;&#x930;&#x938;&#x93E;&#x926; &#x92A;&#x94D;&#x930;&#x915;&#x93E;&#x936;&#x928;</subfield>
    <subfield code="c">1996</subfield>
  </datafield>
  <datafield tag="300" ind1=" " ind2=" ">
    <subfield code="a">318</subfield>
  </datafield>
  <datafield tag="630" ind1=" " ind2=" ">
    <subfield code="a">&#x92A;&#x94D;&#x930;&#x924;&#x93F;&#x91C;&#x94D;&#x91E;&#x93E; &#x92F;&#x94C;&#x917;&#x902;&#x927;&#x930;&#x93E;&#x92F;&#x923; &#x938;&#x94D;&#x935;&#x92A;&#x94D;&#x928;&#x935;&#x93E;&#x938;&#x935;&#x926;&#x924;&#x94D;&#x924;&#x93E;</subfield>
  </datafield>
  <datafield tag="730" ind1=" " ind2=" ">
    <subfield code="a">&#x92A;&#x94D;&#x930;&#x924;&#x93F;&#x91C;&#x94D;&#x91E;&#x93E; &#x92F;&#x94C;&#x917;&#x902;&#x927;&#x930;&#x93E;&#x92F;&#x923; &#x938;&#x94D;&#x935;&#x92A;&#x94D;&#x928;&#x935;&#x93E;&#x938;&#x935;&#x926;&#x924;&#x94D;&#x924;&#x93E;</subfield>
  </datafield>
  <datafield tag="942" ind1=" " ind2=" ">
    <subfield code="c">BOOK</subfield>
  </datafield>
  <datafield tag="999" ind1=" " ind2=" ">
    <subfield code="c">430074</subfield>
    <subfield code="d">430071</subfield>
  </datafield>
  <datafield tag="952" ind1=" " ind2=" ">
    <subfield code="0">0</subfield>
    <subfield code="1">0</subfield>
    <subfield code="4">0</subfield>
    <subfield code="7">0</subfield>
    <subfield code="a">SVPPARLE</subfield>
    <subfield code="b">SVPPARLE</subfield>
    <subfield code="d">1997-03-15</subfield>
    <subfield code="g">200.00</subfield>
    <subfield code="l">0</subfield>
    <subfield code="o">52913</subfield>
    <subfield code="p">SVPPARLE-52913</subfield>
    <subfield code="r">2010-01-25 00:00:00</subfield>
    <subfield code="v">200.00</subfield>
    <subfield code="w">2010-01-25</subfield>
    <subfield code="y">BOOK</subfield>
    <subfield code="z">General NA</subfield>
  </datafield>
</record>
